Rozhodující nejsou výsledky, ale hodnotící zprávy.

Skúsenosti z mnohých hodnotení činnosti, napr. ročných, pracovníkmi nevýrobných organizácií ukazujú, že pri hodnotení sa nevychádza z dosiahnutých výsledkov, ale zo správy, ktorá sa predloží hodnotiteľom. Návod - v satirickej nadsádzke - ako postupovať pri spracúvaní hodnotiacej správy.

Enregistré dans:
Détails bibliographiques
Auteur principal: Chmela, V.
Format: Chapitre de livre
Langue:tchèque
Sujets:
Tags: Ajouter un tag
Pas de tags, Soyez le premier à ajouter un tag!

MARC

LEADER 00000naa a2200000 4500
001 r011283
005 20220826093744.1
041 0 |a cze 
044 |a [CS] 
245 1 0 |a Rozhodující nejsou výsledky, ale hodnotící zprávy.  |c V. Chmela 
520 |a Skúsenosti z mnohých hodnotení činnosti, napr. ročných, pracovníkmi nevýrobných organizácií ukazujú, že pri hodnotení sa nevychádza z dosiahnutých výsledkov, ale zo správy, ktorá sa predloží hodnotiteľom. Návod - v satirickej nadsádzke - ako postupovať pri spracúvaní hodnotiacej správy. 
610 2 0 |a správy výročné 
610 2 0 |a sféra nevýrobná 
100 1 |a Chmela, V.